Andre The Giant's WrestleMania Opponents - Statistics

General Stats
  • This quiz has been taken 126 times
  • The average score is 5 of 7
Answer Stats
WrestleMania Opponent % Correct
WrestleMania III Hulk Hogan
99%
WrestleMania IV Hulk Hogan
99%
WrestleMania I Big John Studd
74%
WrestleMania V Jake "The Snake" Roberts
61%
WrestleMania 2* Bret Hart
52%
WrestleMania VI Ax
49%
WrestleMania VI Smash
47%
No matching quizzes found
Score Distribution
Percent of People with Each Score
Percentile by Number Answered
Your Score History
You have not taken this quiz